| 000 | 00538nam a2200229Ia 4500 | ||
|---|---|---|---|
| 003 | OSt | ||
| 005 | 20240418141838.0 | ||
| 008 | 210719s2002 xx 000 0 und d | ||
| 020 | _a8120309707 | ||
| 040 | _cAL | ||
| 041 | _aeng | ||
| 082 | _a160KAK COPS | ||
| 100 |
_aCOPI (Irving M) _9161372 |
||
| 245 | _aSymbolic logic. Ed.5 | ||
| 250 | _a5 | ||
| 260 |
_aND _bPrentice-Hall of India Private Limited _c2002 |
||
| 300 |
_axiii,398 _bPB |
||
| 365 |
_b125 _cRs |
||
| 650 |
_aLogic _9161373 |
||
| 906 | _aLogic | ||
| 942 |
_2ddc _cBK |
||
| 999 |
_c213719 _d213719 |
||